Die teuersten Fußballtransfers - Geboren 1991 - Statistiken

Allgemein
  • Dieses Quiz wurde 70 mal gespielt
  • Das Durchschnittsergebnis liegt bei 9 aus 11
Antwortstatistiken
Ablöse (M €) Saison Nationalität Abgebender Verein Aufnehmender Verein Spieler % Korrekt
120 2019-2020 Frankreich Atlético Madrid FC Barcelona Antoine Griezmann
100%
76 2015-2016 Belgiem VfL Wolfsburg Manchester City Kevin De Bruyne
98%
84 2017-2018 Niederlande Southampton FC Liverpool Virgil van Dijk
98%
67 2018-2019 Algerien Leicester City Manchester City Riyad Mahrez
97%
115 2019-2021 Belgien FC Chelsea Real Madrid Eden Hazard
95%
75 2014-2015 Kolumbien AS Monaco Real Madrid James Rodríguez
88%
45 2013-2014 Kolumbien FC Porto AS Monaco James Rodríguez
88%
60 2016-2017 Brasilien FC Chelsea Shanghai SIPG Oscar
85%
53 2017-2018 Frankreich Olympique Lyon FC Arsenal Alexandre Lacazette
77%
57 2018-2019 Brasilien / Italien SSC Neapel FC Chelsea Jorginho
68%
45 2014-2015 Frankreich FC Porto Manchester City Eliaquim Mangala
18%
Keine übereinstimmenden Quizze gefunden
Verteilung der Resultate
Anzahl Personen mit jedem Resultat
Perzentil nach korrekt beantworteten Fragen
Ihre Resultats-Entwicklung
Sie haben dieses Quiz noch nicht gespielt